| 000 | 01038nam a2200265 i 4500 | ||
|---|---|---|---|
| 001 | bg | ||
| 245 | 7 | 0 |
_aSensitivity analysis and optimization with numerical methods : _bpresented at The Winter Annual Meeting of the American Society of Mechanical Engineers, Dallas, Texas November 25-3-, 1990 / _ced. by Sunil Saigal, Subrata Mukherjee. |
| 260 |
_aNew York : _bASME, _c1990. |
||
| 300 |
_a145 s. : _brys. ; _c24 cm. |
||
| 490 | 1 |
_aAMD / The American Society of Mechanical Engineers ; _vvol. 115 |
|
| 504 | _aBibliogr. przy ref. | ||
| 650 | 9 |
_aAnaliza numeryczna _xstosowanie _xmechanika |
|
| 650 | 9 |
_aOptymalizacja _xstosowanie _xmechanika |
|
| 650 | 9 | _aMetoda elementów skończonych | |
| 700 | 1 |
_aSAIGAL, Sunil. _eRed. |
|
| 700 | 1 |
_aMUKHERJEE, Subrata. _eRed. |
|
| 830 | 0 |
_aAMD (The American Society of Mechanical Engineers) ; _vvol. 115 |
|
| 020 | _a0791805956 | ||
| 040 | _cBPK | ||
| 041 | 0 | _aen | |
| 080 | _a519.61/.65:519.8]:621.01 | ||
| 920 | _a0-7918-0595-6 | ||
| 942 | _cKS | ||
| 008 | s pl f |000 0 pol | ||
| 999 |
_c30591 _d30591 |
||
| 856 |
_uhttp://koha.tu.koszalin.pl/cgi-bin/koha/opac-detail.pl?biblionumber=30591 _yKatalog online BPK |
||